Chemistry of advanced environmental purification processes of water: fundamentals and applications

מידע ביבליוגרפי
מחבר ראשי: Sogaard E. G. Erik
סיכום:Заглавие с титульного экрана
Режим доступа: из корпоративной сети ТПУ
שפה:אנגלית
יצא לאור: Amsterdam, Elsevier, 2014
נושאים:
גישה מקוונת:http://www.lib.tpu.ru/fulltext2/m/2015/science_book/chemistry_of_advanced_environmental_purification.pdf
פורמט: אלקטרוני ספר
KOHA link:https://koha.lib.tpu.ru/cgi-bin/koha/opac-detail.pl?biblionumber=306452

MARC

LEADER 00000nlm0a2200000 4500
001 306452
005 20231102001909.0
035 |a (RuTPU)RU\TPU\book\331729 
035 |a RU\TPU\book\331722 
090 |a 306452 
100 |a 20151007d2014 k y0engy50 ba 
101 0 |a eng 
102 |a NL 
105 |a a z 001zy 
135 |a drcn ---uucaa 
200 1 |a Chemistry of advanced environmental purification processes of water  |e fundamentals and applications  |b Electronic resource  |f E. G. Sogaard 
203 |a Text  |c electronic 
210 |a Amsterdam  |c Elsevier  |d 2014 
230 |a 1 компьютерный файл (pdf; 20 Mb) 
300 |a Заглавие с титульного экрана 
333 |a Режим доступа: из корпоративной сети ТПУ 
337 |a Adobe Reader 
606 1 |a Водоочистные сооружения  |2 stltpush  |3 (RuTPU)RU\TPU\subj\2862 
606 1 |a Экологическая геохимия  |2 stltpush  |3 (RuTPU)RU\TPU\subj\72093  |9 85680 
610 1 |a электронный ресурс 
610 1 |a химия 
610 1 |a окружающая среда 
610 1 |a очистка 
610 1 |a вода 
675 |a 628.32  |v 3 
675 |a 550.4  |v 3 
700 1 |a Sogaard  |b E. G.  |g Erik 
801 1 |a RU  |b 63413507  |c 20131216 
801 2 |a RU  |b 63413507  |c 20160614  |g RCR 
856 4 |u http://www.lib.tpu.ru/fulltext2/m/2015/science_book/chemistry_of_advanced_environmental_purification.pdf 
942 |c CF